| 000 | 00549nam a2200145Ia 4500 | ||
|---|---|---|---|
| 008 | 100415s9999 xx 000 0 und d | ||
| 082 |
_b13651 _a631.432(154) |
||
| 100 | _aGupta JP | ||
| 245 | _aSoil and Moisture Conservation for Increasing Crop Production in Arid Lands | ||
| 260 |
_aJODHPUR _c1983 _bCENTRAL ARID ZONE RESEARCH INS |
||
| 365 | _b0 | ||
| 630 | _aSoil and Moisture Conservation for Increasing Crop Production in Arid Lands | ||
| 730 | _aSoil and Moisture Conservation for Increasing Crop Production in Arid Lands | ||
| 942 | _cBOOK | ||
| 999 |
_c596565 _d596562 |
||